Miasta na Słowacji mające 50.000 mieszkańców - Statystyki

Ogólne statystyki
  • Ten quiz został rozwiązany 38 razy
  • Średni wynik to 8 z 10
Statystyki odpowiedzi
Populacja Miasto % Poprawnych
437.725 Bratysława
100%
238.593 Koszyce
100%
88.464 Preszów
88%
76.533 Nitra
84%
78.084 Bańska Bystrzyca
81%
80.727 Żylina
81%
51.235 Poprad
69%
65.033 Trnawa
66%
55.383 Trenczyn
63%
54.168 Martin
41%
Nie znaleziono quizów pasujących do podanych kryteriów
Rozkład punktacji
Procent ludzi z każdym wynikiem
Percentyl według liczby udzielonych odpowiedzi
Twoja historia wyników
Nie rozwiązałeś tego quizu